Les champions de MLS - Statistiques

Statistiques générales
  • Ce quiz a été pris 56 fois
  • Le résultat moyen est 12 sur 29
Statistiques - réponses
Saison Club % Correct
2002 Los Angeles Galaxy
94%
2005 Los Angeles Galaxy
94%
2011 Los Angeles Galaxy
94%
2012 Los Angeles Galaxy
94%
2014 Los Angeles Galaxy
94%
2024 Los Angeles Galaxy
94%
2022 Los Angeles FC
76%
1998 Chicago Fire FC
53%
2016 Seattle Sounders FC
37%
2019 Seattle Sounders FC
37%
2017 Toronto FC
37%
1996 D.C. United
29%
1997 D.C. United
29%
1999 D.C. United
29%
2004 D.C. United
29%
2018 Atlanta United FC
27%
2006 Houston Dynamo FC
25%
2007 Houston Dynamo FC
25%
2000 Kansas City Wizards
24%
2013 Sporting Kansas City
24%
2015 Portland Timbers
22%
2008 Columbus Crew
20%
2020 Columbus Crew
20%
2023 Columbus Crew
20%
2021 New York City FC
18%
2001 San Jose Earthquakes
16%
2003 San Jose Earthquakes
16%
2010 Colorado Rapids
12%
2009 Real Salt Lake
10%
Aucun quiz correspondant
Distribution des résultats
% des personnes avec chaque résultat
Percentile par nombre de réponses
Votre historique - résultats
Vous n’avez pas pris ce quiz